'M' Celebrity Images Quiz Stats

 Plays Quiz Updated Dec 7, 2018

Support Sporcle.
Go Orange.
Score 0/20 Timer 05:00
1 Play Today
% Correct
Eddie Murphy
94.8%
Marilyn Monroe
94.1%
Bob Marley
88.1%
Bill Murray
83.9%
Kate Middleton
83.4%
Bette Midler
70.4%
Groucho Marx
65.8%
Ricky Martin
65.3%
Nicki Minaj
62.9%
Tobey Maguire
61.7%
% Correct
Helen Mirren
58.1%
John Malkovich
55.9%
Alanis Morissette
52.6%
Julianne Moore
52.2%
Bill Maher
50.8%
John Madden
50.6%
Debra Messing
47.3%
William H. Macy
47.2%
Alyssa Milano
47.2%
Joe Montana
46.2%

From the Vault

Profile: Luna Lovegood

by lucyinthesky9

'You can laugh but people used to believe there were no such things as the Blibbering Humdinger or the Crumple-Horned Snorkcack!'
Remove Ads.
Support Sporcle.
Get the best of Sporcle when you Go Orange. This ad-free experience offers more features, more stats, and more fun while also helping to support Sporcle. Thank you for becoming a member.

Show Comments

Extras

Top Quizzes Today


Score Distribution

Your Account Isn't Verified!

In order to create a playlist on Sporcle, you need to verify the email address you used during registration. Go to your Sporcle Settings to finish the process.

Report this User

Report this user for behavior that violates our Community Guidelines.

Details: